| 000 | 00670nam a2200205Ii 4500 | ||
|---|---|---|---|
| 003 | JO-AjNU | ||
| 008 | 230605s9999||||xx |||||||||||||| ||und|| | ||
| 040 |
_aJO-AjNU _bara _erda _cJO-AjNU |
||
| 041 | _aara | ||
| 050 | 1 | 4 | _aK894.N322.2010 |
| 100 | 3 |
_a سعد، نبيل ابراهيم , _eauthor _944283 |
|
| 245 | 0 | 0 | _aالعقود المسماة عقد البيع |
| 250 | _aط4 | ||
| 264 | 3 | 1 | _aالاسكندرية : دار الجامعة الجديدة ، 2010 |
| 300 | _a460ص | ||
| 336 |
_atext _btxt _2rdacontent |
||
| 337 |
_aunmediated _bn _2rdamedia |
||
| 338 |
_avolume _bnc _2rdacarrier |
||
| 650 | 4 |
_aالعقود -- قوانين وانظمة _944284 |
|
| 999 |
_aA19108 _c22676 _d22676 |
||